Statistiques concernant FOOTBALL : Les 9 vainqueurs des Ballon d'Or, LDC et Coupe du monde

Cliquez ici pour prendre le quiz!

Statistiques générales

  • Ce quiz a été pris 1 782 fois
  • Le résultat moyen est 6 sur 9

Statistiques - réponses

HintRéponse% Correct
ARGLionel Messi
99%
FRAZinédine Zidane
94%
BRERonaldinho
81%
ALLGerd Müller
66%
BREKaká
58%
BRERivaldo
55%
ALLFranz Beckenbauer
49%
ANGBobby Charlton
40%
ITPaolo Rossi
16%

Distribution des résultats

Percentile par nombre de réponses

% des personnes avec chaque résultat

Votre développement - résultats

Vous n’avez pas pris ce quiz